| 000 | 00504nam a2200169 i 4500 | ||
|---|---|---|---|
| 001 | 32645 | ||
| 003 | ES-MaACL | ||
| 005 | 20250802063101.0 | ||
| 007 | t| | ||
| 008 | 030131s1914 xxu ||||1| ger d | ||
| 100 | 0 |
_aBerlitz, Maximilian Delphinus, _d1852-1921 _928071 |
|
| 245 | 1 | 0 |
_aIweites duch fur den unterrich in deu neueren sprachen / _cM. D. Berlitz. |
| 260 |
_aNew York : _bM.D. Berlitz, _c1914. |
||
| 300 |
_a168 p. ; _c20 cm. |
||
| 852 |
_aES-MaACL _jF-4076 |
||
| 999 |
_c32645 _d32645 |
||